000 00807nam a2200241Ia 4500
005 20250425162335.0
008 250425s9999 xx 000 0 und d
020 _a1905590113
041 _aspa
082 _a657.32
100 _aINTERNATIONAL ACCOUNTING STANDARDS, BOARD
245 0 _aNORMAS INTERNACIONALES DE INFORMACION FINANCIERA(NIIF)
250 _a1A ED.
260 _aLONDON
260 _aReino Unido
_bINTERNATIONAL ACCOUNTING STANDARDS BOARD
_c2006
300 _a1972
500 _aDONDE TAMBIEN SE INCLUYEN LAS NORMAS INTERNACIONALES DE CONTABILIDAD (NIC) Y SUS INTERPRETACIONES HASTA EL 1 DE ENERO DE 2006
650 _aINTERPRETACION
650 _aNORMAS INTERNACIONALES DE CONTABILIDAD
710 _aINTERNATIONAL ACCOUNTING STANDARDS BOARD
942 _c01
010 _a63951
999 _c227240
_d227240